MDQL
is popping MORE tags! Check the
thread
!
Quizzes
Events
Quiz Creation
Community
Videos
Private Events
Remove Ads
Sign In
Join for FREE
Feedback
Dark Mode
Quiz Categories
Sports
Geography
Music
Movies
Television
Just For Fun
Miscellaneous
History
Literature
Language
Science
Gaming
Entertainment
Religion
Holiday
For Kids
Quiz Lab
Recent
Popular Today
Quiz Kudos Today
Editor Picks
Curator Picks
Quizzes by...
Day
Popularity
Type
Ratings
Length
Year
Community
Subscriptions
Recent Discussions
Orange Saloon
Badges
Playlists
Quests
Create
Leaderboards
Showdown
Live 5
Trivia Bingo
Activity
Puzzle Library
Sporcle Events
Private Events
Virtual Trivia
Globe League
Become a Host
Pub Owners
SporcleCon
Opinionation
Our Games
Videos
Blog
Mobile Apps
Partnerships
Remove Ads and Go Orange
Feedback
Music
Pop Music
The Beatles
Song
Album
Lyrics
Bands
Singers
Artist
Clip
Rock
Rap
Classical
Billboard
Country Music
Kpop
Taylor Swift
Music
Pop Music
The Beatles
Song
Album
Lyrics
Bands
Singers
Artist
Clip
Rock
Rap
Classical
Billboard
Country Music
Kpop
Taylor Swift
Random Quiz
Search Sporcle
×
Quiz Lab
Quiz Lab
Music
Song
Type in answers that appear in a list
Type in answers that appear in a list
Classic
Best Score? Go Orange.
Figure out the Lyrics IX Stats
Can you name the lyrics to the song with no hint whatsoever?
By
therealsuperman
6m
185 Questions
329 Plays
329 Plays
329 Plays
Comments
Comments
Give Quiz Kudos
Give Quiz Kudos
-
- Ratings
hide this ad
Replay
Link that replays current quiz
Next Quiz
Link to next quiz in quiz playlist
You Got
0%
They Got
Avg Score
62%
Avg Friend Score
Upgrade to see
Score Distribution
Jump to the score distribution portion of the page
Score
0/185
Timer
06:00
0
Plays Today
% Correct
And
99.1%
a
99.1%
a
99.1%
And
99.1%
a
99.1%
the
99.1%
a
99.1%
a
99.1%
you
93.6%
you
93.6%
you
93.6%
you
93.6%
you
93.6%
you
93.6%
you
93.6%
you
93.6%
you
93.6%
you
93.6%
to
87.8%
to
87.8%
to
87.8%
to
87.8%
to
87.8%
to
87.8%
on
85.7%
be
85.7%
on
85.7%
be
85.7%
on
85.7%
on
85.7%
on
85.7%
on
85.7%
on
85.7%
be
85.7%
on
85.7%
be
85.7%
on
85.7%
We
84.8%
We
84.8%
we
84.8%
we
84.8%
We
84.8%
We
84.8%
in
82.4%
me
80.9%
me
80.9%
me
80.9%
me
80.9%
me
80.9%
me
80.9%
it
79.6%
it
79.6%
your
79.3%
your
79.3%
your
79.3%
your
79.3%
your
79.3%
when
76.3%
when
76.3%
when
76.3%
when
76.3%
when
76.3%
% Correct
no
76%
is
75.7%
can
72%
all
71.4%
all
71.4%
all
71.4%
all
71.4%
that
70.2%
that
70.2%
that
70.2%
that
70.2%
I
70.2%
I
70.2%
you're
69.9%
you're
69.9%
if
69.3%
if
69.3%
If
69.3%
If
69.3%
are
69%
For
67.2%
For
67.2%
For
67.2%
have
66.3%
have
66.3%
there's
66.3%
have
66.3%
have
66.3%
there
66.3%
I'll
66%
I'll
66%
I'll
66%
I'll
66%
I'll
66%
not
64.7%
not
64.7%
I'm
62.3%
I'm
62.3%
I'm
62.3%
one
62%
of
62%
needs
58.1%
need
57.8%
need
57.8%
need
57.8%
need
57.8%
need
57.8%
need
57.8%
need
57.8%
need
57.8%
need
57.8%
won't
56.8%
won't
56.8%
won't
56.8%
Just
55.9%
just
55.9%
just
55.9%
Just
55.9%
Just
55.9%
know
55.6%
friend
55%
friend
55%
% Correct
friend
55%
friend
55%
can't
52.3%
But
50.8%
Lean
50.5%
lean
50.5%
lean
50.5%
lean
50.5%
Lean
50.5%
lean
50.5%
help
48.9%
help
48.9%
our
48.3%
Somebody
48.3%
somebody
48.3%
somebody
48.3%
Somebody
48.3%
call
47.1%
call
47.1%
call
47.1%
call
47.1%
long
45.9%
long
45.9%
carry
45.3%
carry
45.3%
carry
45.3%
strong
44.4%
strong
44.4%
gonna
43.5%
gonna
43.5%
always
40.4%
hand
40.4%
til
39.8%
til
39.8%
lives
37.1%
Sometimes
34.3%
brother
33.7%
problem
33.4%
up
33.1%
might
32.8%
pain
32.5%
sorrow
31.6%
you'd
31.6%
understand
31.6%
tomorrow
31%
let
28.6%
wise
24.9%
right
22.2%
those
20.4%
load
18.2%
load
18.2%
pride
17.6%
things
17.3%
show
17.3%
Please
17%
swallow
17%
road
16.1%
borrow
14.9%
share
13.7%
bear
12.5%
fill
10%
Quiz Playlist
Details
Report
Send in Message
Add To Playlist
Classic:
Type in answers that appear in a list
Last Updated: Feb 16, 2017
Quiz Scoreboard
CHALLENGE
Sign Up to Join the Scoreboard
Show All
Scores
Hide
Comments
May contain spoilers
Recently Published
Two Season TV Shows II
by 123Four
Television
10m
Image Sorting: Flags VI
by Barbecue
Geography
2m
Find the 'City' Movie
by crazypaving
Movies
60s
More to Explore
Quiz From the Vault
Featured Blog Post
14 Easter Pick-up Lines to Find Eggs With
hide this ad
You Might Also Like...
Tags
Song Quiz
Figure Out the Lyrics
Today's Top Quizzes in Music
Browse Music
hide this ad
Today's Top Quizzes in Song
Browse Song
Top Contributed Quizzes in Music
1
5X2 Blitz: Bands II
2
5X2 Blitz: The Beatles
3
Taylor Swift All Songs (2024)
4
5X2 Blitz: Billboard
5
5X2 Blitz: Billboard II
6
5X2 Blitz: Album
7
5X2 Blitz: Rock
8
5X2 Blitz: Singers
9
Music Artist by Three 2010s hits
10
5X2 Blitz: Lyrics
Explore More
Trending Topics
Anime
Harry Potter
Disney
Crossword
NBA
Marvel
Kpop
Puzzle
Country
WWE
Song
Soccer
NFL
The Office
Pokémon
hide this ad
More By:
therealsuperman
Quiz
Plays
Rating
Category
Featured
Created
Figure out the Lyrics IX
329
Music
Apr 28, 2011
Go to Creator's Profile
Score Distribution
Quiz Creator Spotlight
therealsuperman
Follow
Send a Message
Quizzes Created
-
Created Quiz Play Count
-
More By This Creator
Popular Quizzes Today
1
Colored Red Africa Blitz
2
Find the US States - No Outlines Minefield
3
Find the 'City' Movie
4
5x2 Blitz: Bands
5
The Countries of the World
6
Find the US States
7
Find the Countries of Europe - No Outlines Minefield
8
US States
More Music Quizzes
Songs Missing Half a Word
Published
Trending Quizzes
Colored Red Europe Blitz I
Colored Red Africa Blitz II
Colored Red Europe Blitz II
Colored Red Africa Blitz III
Colored Red Europe Blitz III
Recently Updated
How Do You Spell That?
pecheneg
Godzilla Movies
pecheneg
Grab Bag: 4-10 Letters
pecheneg
2024 March Madness Bracket
pecheneg
Famous TV Couples
Peacemaker
Champions League XIs: Real Madrid
pecheneg
Largest US Cities 1790-2010
pecheneg
Rides in Walt Disney World
pecheneg
Most Oscar Losses (Acting)
pecheneg
Beyoncé Albums
pecheneg
Trending Topics
Crossword
Harry Potter
Kpop
Marvel
Disney
NBA
Anime
The Office
Pokémon
Soccer
NFL
Puzzle
WWE
Song
Country
Your Account Isn't Verified!
In order to create a playlist on Sporcle, you need to verify the email address you used during registration. Go to your
Sporcle Settings
to finish the process.
Report this User
Report this user for behavior that violates our
Community Guidelines
.
Details:
Send Report
Go to the Sporcle.com Mobile Site →
Comments